00696cam9a220019300 4500001001200000003000500012005001700017008004100034035001900075035002200094040000900116100012100125245007400246260004900320650002000369650003000389700007700419004000600496tmp15687967UPRA20190822121611.0951004s1961 at eng u a(Sirsi) r52459 a(UPRA)tmp15687967 cUPRA1 aWebster, H. C. (Hugh Colin), 1905-qWebster, H. C. (Hugh Colin), 1905-dWebster, H. C. (Hugh Colin), 1905-6A11007.110aMedical and biological physics /cby H.C. Webster and D.F. Robertson. aBrisbane :bUniversity of Queensland,c1961. 0aPhysics.6S40.2 0aMedical physics.6S7399.11 aRobertson, D. F. (Donald Fyfe)qRobertson, D. F. (Donald Fyfe)6A11008.152459